| 000 | 00427nam a2200169 a 4500 | ||
|---|---|---|---|
| 001 | 0000-8839 | ||
| 003 | ELIB.Books | ||
| 008 | 110520 1981 | ||
| 035 | _a(ELIB.Books)0000-8985 | ||
| 082 |
_a230 _bStr |
||
| 100 | _aStrolz, Walter | ||
| 245 | _aThree Ways to the one God | ||
| 260 |
_bNew York: Crossroad Publishing Co. _c1981 |
||
| 650 | _aTheology | ||
| 942 |
_2ddc _cBK |
||
| 998 |
_cbat _e2011-05-20 |
||
| 999 |
_c8839 _d8839 |
||